000 00519nam a2200181Ia 4500
008 090123s9999 xx 000 0 und d
082 _b37649
_a891.463/पेठे
100 _aपेठे मेघना
245 _aनातिचरामि
250 _a1
260 _bराजहंस
_c2005
300 _a315
600 _aपेठे मेघना
630 _aनातिचरामि
700 _aपेठे मेघना
730 _aनातिचरामि
942 _cBOOK
999 _c75717
_d75717